| 000 | 00570nam a22001817a 4500 | ||
|---|---|---|---|
| 005 | 20230109062817.0 | ||
| 008 | 230109b |||||||| |||| 00| 0 eng d | ||
| 020 | _a978-971-574-175-0 | ||
| 082 | _aFil. 144 D994 2012 | ||
| 100 |
_aDy, Manuel B., Jr. _eauthor |
||
| 245 |
_aPhilosophy of man: _bselected readings / _cManuel B. Dy Jr. |
||
| 250 | _a3rd ed. | ||
| 260 |
_aMakati City: _bKatha Publishing, _cc2012. |
||
| 300 | _axiii, 301p.; | ||
| 541 | _e4231 c.1, 4232 c.2, 4233 c.3, 4234 c.4, 4235 c.5 | ||
| 650 | _aPhilosophy | ||
| 650 | _aHuman beings - Philosophy | ||
| 999 |
_c488 _d488 |
||